| 000 | 00752nam a22001815i 4500 | ||
|---|---|---|---|
| 001 | 167341 | ||
| 003 | ES-MaACL | ||
| 005 | 20250808071901.0 | ||
| 008 | 981116m18531855fr |||| | fre d | ||
| 040 |
_aCYL _bspa _cCYL |
||
| 100 | 1 |
_aVéron, Louis ( _d1798-1867) _9152623 |
|
| 245 | 1 | 0 |
_aMémoires d'un bourgeois de Paris / _cpar L. Véron. |
| 260 |
_aParis : _bGabriel de Gonet : _bMartinon, _c1853-1855 ( _fImpr. Lacour et Cie.) |
||
| 300 |
_a6 v. ; _c23 cm. |
||
| 651 | 4 |
_aFrancia- _xHistoria- _y1789-1900 _98693 |
|
| 852 |
_aES-MaACL _jG-10849-53 _z-- Enc. hol. _q-- Falta el T. I _x-- Edic.: T. II. 400 p. (1853) -- T. III. 356 p. (1854) -- T. IV. 316 p. (1854) -- T. V. 327 p. (1855) -- T. VI. 326 p. (1855) |
||
| 999 |
_c167341 _d167341 |
||